Heartbreak Anthem - Galantis, David Guetta & Little Mix (All Lyrics) - Statistics

General Stats
  • This quiz has been taken 43 times
  • The average score is 365 of 408
Answer Stats
Answer % Correct
a
100%
ain't
100%
(Ain't
100%
ain't,
100%
anthem
100%
anthem,
100%
don't
100%
Don't
100%
don't)
100%
heart
100%
heartbreak
100%
heartbreak,
100%
heartbreak)
100%
heartbreak;
100%
I
100%
(I
100%
it
100%
it,
100%
it)
100%
me,
100%
the
100%
this
100%
This
100%
(This
100%
to
100%
(To
100%
you
100%
You
100%
And
96%
and
96%
be
96%
but
96%
But
96%
it's
96%
no
96%
No,
96%
No
96%
(No)
96%
your
96%
ex
93%
got
93%
Hello,
93%
on
93%
wanna
93%
We
93%
we
93%
what
93%
care
89%
like
89%
Maybe
89%
maybe
89%
okay,
89%
okay
89%
(Okay),
89%
okay)
89%
Sometimes
89%
sometimes
89%
(Sometimes
89%
best
85%
happened
85%
I'm
85%
(I'm
85%
in
85%
sorry,
85%
wish
85%
can
81%
dwell
81%
say
81%
time
81%
(Time
81%
won't
81%
works
81%
out,
78%
out
78%
call,
74%
did
74%
feel,
74%
feel
74%
feel),
74%
find
74%
fix
74%
home
74%
my
74%
of
74%
(Ooh-ooh)
74%
or
74%
test
74%
Until
74%
we'll
74%
all
70%
oh)
70%
called
67%
had
67%
hollow
67%
(Hollow)
67%
I'll
67%
shadows
67%
shadows)
67%
stone
67%
throw
67%
Chasin'
63%
chasin'
63%
(Chasin'
63%
not
63%
tantrum
63%
chest
59%
these
59%
vest
59%
pain
56%
promise
56%
sink
56%
bulletproof
52%
didn't
52%
hold
52%
wearing
48%
grudges,
44%
there's
44%
thanks
37%
(Ah)
30%
ooh)
26%
(Again)
19%
No matching quizzes found
Score Distribution
Percent of People with Each Score
Percentile by Number Answered
Your Score History
You have not taken this quiz